=LDR 00000nam 2200000 4500 =001 INLIS000000000023279 =005 20130612121945 =008 ***********************************Ind** =035 ##$$0010-061300000023279 =041 ##$$a Ind =082 ##$$a 340 =090 ##$$a 340, Sya p =100 ##$$a Syaripin, Pipin =245 ##$$a Pengantar ilmu hukum, Pipin Syaripin,S.H =260 ##$$a 1999 $b Bandung =300 ##$$a 271 hlm, 21 cm =650 ##$$a hukum - ilmu =850 ##$$a NBPNMAT =990 ##$$a 0001/BPAP-NTB/2016